| 000 | 01283nam0a2200325 4500 | ||
|---|---|---|---|
| 001 | RU\NLR\BIBL_A\011691813 | ||
| 005 | 20180607155057.0 | ||
| 010 |
_a978-5-17-107924-6 _94000 |
||
| 021 |
_aRU _bКН-П-18-024008 _9КН-П-18-1744 |
||
| 035 | _a(NLR Aleph) 011691813 | ||
| 035 | _a(RuMoRGB)009589797 | ||
| 090 |
_a11342616 _c11342616 |
||
| 100 | _a20180503d2018 e y0rusy50 ca | ||
| 101 | 1 |
_arus _ceng |
|
| 102 |
_aRU _aUS |
||
| 105 | _ay|||z|||000ay | ||
| 200 | 1 |
_aВидоизмененный углерод _fРичард Морган _g[перевод с английского: Сергей Саксин] |
|
| 210 |
_aМосква _cАСТ _a[Лос-Гатос, Калифорния, США] _cNetflix _d2018 |
||
| 215 |
_a667, [2] с. _d21 |
||
| 333 | _a18+ | ||
| 500 | 1 | 0 |
_aAltered carbon _lСериал _3RU\NLR\AUTH\5506440 |
| 686 |
_aШ5(4Вл)64-644.5 _2rubbk |
||
| 686 | 1 | _aШ6(4Вл)67-445(Лх1299-62) | |
| 700 | 1 |
_aМорган _bР. _f1965- _gРичард _3RU\NLR\AUTH\770189806 |
|
| 942 | _cBOOK | ||
| 980 | _aNBR | ||
| 980 | _aNB | ||